[Event "Winter Cup"]
[Site "Bucharest ROM"]
[Date "2006.01.21"]
[Round "8"]
[White "Ionescu,Co"]
[Black "Diulger,A"]
[Result "1-0"]
[WhiteElo "2450"]
[BlackElo "2294"]

1.c4 e6 2.Nf3 d5 3.g3 Nf6 4.b3 Be7 5.Bg2 O-O 6.O-O c6 7.Bb2 a5 8.a3 b5 9.cxb5 cxb5
10.d3 Bb7 11.Nc3 b4 12.axb4 axb4 13.Na4 Nbd7 14.Rc1 Qa5 15.Qd2 Rfc8 16.Rxc8+ Rxc8
17.Rc1 Nc5 18.Nxc5 Bxc5 19.Nd4 Qb6 20.e3 h6 21.Rc2 Ba6 22.Bf1 e5 23.Nf3 e4
24.Nd4 exd3 25.Bxd3 Ne4 26.Qe2 Bxd4 27.Rxc8+ Bxc8 28.Bxd4 Qc6 29.Qb2 Bh3
30.f3 Nc3 31.Qa1 f6 32.Qa5 Nb1 33.Bc5 Nd2 34.Qd8+  1-0

[Event "TCh-HUN 2005-6"]
[Site "Hungary HUN"]
[Date "2006.01.22"]
[Round "6"]
[White "Horvath,Gy1"]
[Black "Kovacs,Zs1"]
[Result "1-0"]
[WhiteElo "2430"]
[BlackElo "2320"]

1.c4 e6 2.Nf3 d5 3.g3 c5 4.Bg2 Nf6 5.O-O Be7 6.b3 O-O 7.Bb2 b6 8.e3 Bb7 9.Nc3 Nbd7
10.Qe2 Rc8 11.Rfd1 Qc7 12.Rac1 dxc4 13.bxc4 Qb8 14.d3 Rfd8 15.Ne1 Bxg2 16.Nxg2 Qb7
17.f4 Nb8 18.g4 Rd7 19.Ne1 Nc6 20.h4 h6 21.g5 hxg5 22.hxg5 Nh7 23.Rd2 Nxg5
24.Qh5 g6 25.Qh6 Ne5 26.fxe5 Nf3+ 27.Nxf3 Qxf3 28.Rh2 Qg4+ 29.Kf2 Qf5+ 30.Ke1 Qxe5
31.Ne4 Bh4+ 32.Qxh4  1-0

[Event "14th FAJR Open"]
[Site "Tehran IRI"]
[Date "2006.01.27"]
[Round "4"]
[White "Doostkam,P"]
[Black "Kotanjian,T"]
[Result "0-1"]
[WhiteElo "2218"]
[BlackElo "2471"]

1.c4 e6 2.Nf3 d5 3.b3 Nf6 4.g3 Be7 5.Bg2 O-O 6.Bb2 a5 7.Nc3 c6 8.d4 Nbd7
9.O-O b6 10.Nd2 Bb7 11.e4 Ra7 12.Re1 dxe4 13.Ndxe4 Nxe4 14.Bxe4 Nf6 15.Bg2 Ba8
16.Qc2 Rd7 17.Rad1 Rxd4 18.Rxd4 Qxd4 19.Nd5 Qc5 20.Bd4 Qxd4 21.Nxe7+ Kh8
22.Nxc6 Bxc6 23.Bxc6 Rd8 24.Bf3 Qc5 25.Rd1 Rxd1+ 26.Qxd1 g6 27.Qd2 Kg7 28.Qc3 e5
29.Kg2 Qd6 30.a3 Qxa3 31.Qxe5 Qxb3 32.g4 h6 33.h4 Qxc4 34.g5 Qxh4 35.Qxf6+ Kg8
36.Qd8+ Kh7 37.Qxb6 Qxg5+ 38.Kf1 h5 39.Qb7 Kg7 40.Bd5 Qf4 41.Qb5 a4 42.Qb2+ f6
43.Qa3 h4 44.Be6 Qd4 45.Bh3 Kh6 46.Kg2 f5 47.Qc1+ Kh5 48.Qc7 Qb4 49.f4 Qd2+
50.Kf3 Qd3+ 51.Kf2 Qg3+ 52.Ke2 Qh2+ 53.Ke1 Qxh3 54.Qh7+ Kg4 55.Qxg6+ Kf3
56.Qc6+ Kg3 57.Qxa4 Qh1+ 58.Kd2 Qd5+ 59.Ke2 h3 60.Qa3+ Kg4 61.Qf8 Qf3+ 62.Ke1 h2
63.Qg7+ Kh3 64.Qh8+ Kg2 65.Qb2+ Kh3 66.Qh8+ Kg3 67.Qg7+ Qg4 68.Qc3+ Kg2 69.Qb2+ Kh3
70.Qb7 Qg1+  0-1

[Event "14th FAJR Open"]
[Site "Tehran IRI"]
[Date "2006.01.28"]
[Round "5"]
[White "Vakhidov,T"]
[Black "Roghani,A"]
[Result "1-0"]
[WhiteElo "2530"]
[BlackElo "2371"]

1.c4 e6 2.Nf3 d5 3.d4 c5 4.cxd5 exd5 5.g3 Nf6 6.Bg2 Be7 7.O-O O-O 8.Nc3 Nc6
9.dxc5 Bxc5 10.a3 Re8 11.b4 Bf8 12.Bb2 Bg4 13.Rc1 Qd7 14.Na4 Ne4 15.b5 Na5
16.Ne5 Rxe5 17.Bxe5 Qxb5 18.f3 Nb3 19.Rb1 Qxa4 20.Qxb3 Qxb3 21.Rxb3 Nd2 22.fxg4 Nxb3
23.Bxd5 Nc5 24.Rxf7 Kh8 25.Bd4 Rd8 26.Rxf8+ Rxf8 27.Bxc5 Rc8 28.Bxa7 Rc3
29.Bd4 Rxa3 30.Bxb7  1-0

[Event "Gibtelecom Masters"]
[Site "Gibraltar ENG"]
[Date "2006.02.02"]
[Round "10"]
[White "McNab,C"]
[Black "Borchgrevink,H"]
[Result "1/2-1/2"]
[WhiteElo "2456"]
[BlackElo "2265"]

1.c4 e6 2.Nf3 d5 3.b3 Nf6 4.g3 Be7 5.Bg2 O-O 6.O-O b6 7.Bb2 Bb7 8.d3 c5 9.e3 Nc6
10.Qe2 Qc7 11.Rd1 Rac8 12.Nc3 Rfd8 13.Rac1 Qb8 14.cxd5 Nxd5 15.Nxd5 exd5
16.d4 c4 17.Ne5 b5 18.Qg4 Rc7 19.Nxc6 Rxc6 20.e4 Rg6 21.Qe2 dxe4 22.Bxe4 Bxe4
23.Qxe4 Re6 24.Qf3 cxb3 25.axb3 Red6 26.d5 Bf6 27.Bxf6 Rxf6 28.Qd3 Qb6 29.Rd2 Rfd6
30.b4 a6 31.Rc5 h6 32.h4 Qb7 33.Qe4 Qd7 34.Kg2 Re8 35.Qd4 Rd8 36.Rd3 Qb7
37.Qe4 Qd7 38.Rd4 Qb7 39.Qd3 Qd7 40.Qf3 Qb7 41.h5 Qd7 42.g4 Qb7 43.Qf5 Rf6
44.Qe5 Rfd6 45.Qe4 Qd7 46.Qd3 Qb7 47.f3 Qd7 48.Re4 Qb7 49.Re5 f6 50.Re2 Qf7
51.Rd2 Qd7 52.Qc2 Qf7 53.Kg3 Qe7 54.Qe4 Qf7 55.Kh3 f5 56.Qd3 fxg4+ 57.fxg4 Qf4
58.Re2 Qf1+ 59.Kg3 Rf8 60.Rc6 Qf4+ 61.Kh3 Qf1+ 62.Kg3 Qf4+  1/2-1/2

[Event "TCh-NED 2005-6"]
[Site "Netherlands NED"]
[Date "2006.02.04"]
[Round "6"]
[White "Deleyn,G"]
[Black "Van Harreveld,F"]
[Result "0-1"]
[WhiteElo "2300"]
[BlackElo "2262"]

1.c4 e6 2.Nf3 d5 3.b3 c5 4.g3 Nf6 5.Bg2 Be7 6.O-O O-O 7.e3 Nc6 8.Bb2 a6 9.Qe2 Qc7
10.Rc1 b5 11.d4 bxc4 12.bxc4 cxd4 13.Nxd4 Nxd4 14.exd4 Qd7 15.Nc3 Bb7 16.c5 Bc6
17.Rc2 Ne8 18.Re1 Bf6 19.Qd1 Nc7 20.Bc1 Rfb8 21.Bf4 Rb4 22.Be5 Bxe5 23.Rxe5 Nb5
24.Nxb5 Bxb5 25.Qd2 Rb1+ 26.Re1 Rxe1+ 27.Qxe1 Bd3 28.Rc3 Bb5 29.Qe5 Rc8 30.Rb3 h6
31.f4 f6 32.Qe1 Re8 33.Re3 Qc8 34.f5 e5 35.Bxd5+ Kh7 36.Be6 Qc7 37.Qc3 exd4
38.Qxd4 Rd8 39.Qc3 Rd1+ 40.Re1 Rxe1+ 41.Qxe1 Qxc5+ 42.Qf2 Qc1+ 43.Kg2 Bc6+
44.Kh3 Qd1 45.Bf7 Qd8 46.Qc5 Qa8 47.a3 Bf3 48.Qe7 Bd5 49.Bg6+ Kg8 50.Kg4 Bf3+
51.Kf4 Bd5 52.Qc7 Qf8 53.Qb6 Qc8 54.Kg4 Qc4+ 55.Kh3 Qc8 56.a4 Qa8 57.a5 Bg2+
58.Kh4 Bd5 59.Qd6 Bc4 60.g4 Qc8 61.Kg3 Bb3 62.Qe7 Qc3+ 63.Kh4 Qc8 64.h3 Bd5
65.Kh5 Bc4 66.Be8 Bd5 67.Kg6 Qb7 68.Qd8  0-1

[Event "3rd ch-Mediterranean"]
[Site "Antalya TUR"]
[Date "2006.02.05"]
[Round "7"]
[White "Sulypa,A"]
[Black "Atalik,S"]
[Result "1/2-1/2"]
[WhiteElo "2479"]
[BlackElo "2618"]

1.c4 e6 2.Nf3 d5 3.d4 Nf6 4.Nc3 c6 5.Bg5 Nbd7 6.e3 Qa5 7.Nd2 Bb4 8.Qc2 O-O
9.Be2 c5 10.O-O cxd4 11.Nb3 Qb6 12.exd4 dxc4 13.Bxc4 Qc7 14.Qe2 Bxc3 15.bxc3 Ne4
16.Qxe4 Qxc4 17.Rae1 Re8 18.Qf3 f6 19.Bf4 Nb6 20.Nd2 Qd5 21.Qg3 Nc4 22.Nxc4 Qxc4
23.h4 Bd7 24.h5 Qxa2 25.h6 g6 26.Bd6 Qd5 27.Re3 Rad8 28.Ba3 Bc6 29.Rfe1 Qd7
30.Qf4 Qf7 31.c4 b5 32.cxb5 Bxb5 33.Rc3 g5 34.Qe3 e5 35.dxe5 Rxe5 36.Qc1 Rxe1+
37.Qxe1 Ba4 38.Rc1 Qe8  1/2-1/2

[Event "III GM-Tage"]
[Site "Pulvermuehle GER"]
[Date "2006.03.05"]
[Round "9"]
[White "Bezold,M"]
[Black "Gustafsson,J"]
[Result "0-1"]
[WhiteElo "2534"]
[BlackElo "2614"]

1.c4 e6 2.Nf3 d5 3.g3 Nf6 4.b3 Be7 5.Bg2 O-O 6.O-O c5 7.e3 Nc6 8.Bb2 b6 9.Qe2 Bb7
10.d3 Qc7 11.Nbd2 Rfd8 12.Ne1 dxc4 13.bxc4 Ne8 14.f4 Bf6 15.Bxf6 Nxf6 16.g4 Ne7
17.Bxb7 Qxb7 18.g5 Ne8 19.Rf3 f5 20.gxf6 Nxf6 21.Rh3 Ng6 22.Rg3 Qd7 23.Ndf3 Qe7
24.Qg2 Nd7 25.Ng5 h6 26.Nxe6 Qxe6 27.Rxg6 Qxe3+ 28.Kh1 Qe7 29.Nf3 Nf8 30.Rxh6 Qb7
31.Rh4 Rxd3 32.Rf1 Rad8 33.Qh3 Ng6 34.Rg4 Qe4 35.Qg3 Rd1 36.Rxd1 Rxd1+ 37.Kg2 Rd2+
38.Kh3 Rd3 39.Kg2 Qe2+ 40.Qf2 Qxf2+ 41.Kxf2 Ne7 42.Rg1 Ra3 43.Rd1 Rxa2+ 44.Ke3 Kf7
45.Ng5+ Kf6 46.Rd7 Nf5+ 47.Kd3 Ra3+ 48.Ke2 Kg6 49.Nf3 Kf6 50.Ng5 a5 51.Nh7+ Kg6
52.Nf8+ Kh5 53.Rd5 Kg4 54.Nd7 Rb3 55.Ne5+ Kxf4 56.Ng6+ Kg5  0-1

[Event "ch-USA GpB"]
[Site "San Diego USA"]
[Date "2006.03.05"]
[Round "3"]
[White "Ginsburg,M"]
[Black "Gulko,B"]
[Result "0-1"]
[WhiteElo "2367"]
[BlackElo "2585"]

1.c4 e6 2.Nf3 d5 3.b3 d4 4.g3 c5 5.Bg2 Nc6 6.O-O Bd6 7.e3 Nf6 8.exd4 cxd4
9.d3 O-O 10.Na3 e5 11.Nc2 Re8 12.Ng5 Bg4 13.f3 Bh5 14.g4 Bg6 15.Ne4 Be7 16.a3 a5
17.Rb1 Nxe4 18.fxe4 Bg5 19.b4 Bxc1 20.Qxc1 Qh4 21.h3 h5 22.bxa5 hxg4 23.Qe1 Qxe1
24.Rfxe1 gxh3 25.Bxh3 Nxa5 26.Rb6 Bh5 27.Kf2 g6 28.Nb4 Kg7 29.Nd5 Rh8 30.Kg3 Ra6
31.Rxa6 bxa6 32.c5 Rb8 33.Rc1 Rb3 34.Bf1 Nc6 35.Nb4 Rc3 36.Rb1 Rxc5 37.Nxa6 Ra5
38.Nb4 Nd8 39.Ra1 Ne6 40.Kf2 Nf4 41.Nd5 Nxd5 42.exd5 Rxd5 43.Bg2 Ra5 44.Bc6 Rc5
45.Bd7 Rc2+ 46.Kg1 Be2 47.Bb5 Rc3  0-1

[Event "Victor Ciocaltea Mem"]
[Site "Bucharest ROM"]
[Date "2006.03.10"]
[Round "3"]
[White "Ionescu,Co"]
[Black "Chirila,I"]
[Result "1/2-1/2"]
[WhiteElo "2463"]
[BlackElo "2339"]

1.c4 e6 2.Nf3 d5 3.d4 c6 4.e3 Bd6 5.Bd3 f5 6.O-O Nf6 7.b3 Qe7 8.Bb2 O-O 9.Qc1 b6
10.Ba3 a5 11.Bxd6 Qxd6 12.Nc3 Ba6 13.Qc2 Ne4 14.Rac1 Nd7 15.cxd5 Bxd3 16.Qxd3 exd5
17.Ne2 a4 18.b4 a3 19.Ne5 Nxe5 20.dxe5 Qxe5 21.Rxc6 Rfd8 22.Nd4 Rd6 23.f3 Nf6
24.Rc3 f4 25.exf4 Qxf4 26.Re1 Rd7 27.g3 Qd6 28.Rxa3 Rc8 29.Rc3 Rxc3 30.Qxc3 Rc7
31.Qd2 Rc4 32.a3 Qc7 33.Nf5 Qa7 34.Ne7+ Kf8 35.Nxd5 Qd7 36.Rd1 Nxd5 37.Qxd5 Qxd5
38.Rxd5 Rc3 39.Rf5+ Ke7 40.a4 Ra3 41.Rb5 Rxa4 42.Rxb6 Ra3 43.f4 Ra2 44.h4 Rb2
45.h5 h6 46.f5 Kf7 47.Kf1 Rh2 48.g4 Rb2 49.Kg1 Ke7 50.b5 Kf7 51.Kf1 Rb4 52.Ke2 Rxg4
53.Rd6 Rg5 54.Rd5 Rxh5 55.Kd3 Rh1 56.Kc4 Rb1 57.Kc5 h5 58.b6 h4 59.Rd4 h3
60.Rh4 Rb3 61.Kc6 Kf6 62.Rh5 Rc3+  1/2-1/2

[Event "2nd Bundesliga West 2005-6"]
[Site "Austria AUT"]
[Date "2006.03.17"]
[Round "9"]
[White "Bezold,M"]
[Black "Luther,T"]
[Result "1/2-1/2"]
[WhiteElo "2534"]
[BlackElo "2569"]

1.c4 e6 2.Nf3 d5 3.b3 Nf6 4.g3 Be7 5.Bg2 O-O 6.O-O c5 7.e3 Nc6 8.d3 e5 9.cxd5 Nxd5
10.a3 Be6 11.Bb2 f6 12.h3 Qd7 13.Kh2 Rfd8 14.Nbd2 Nb6 15.Ne1 c4 16.bxc4 Nxc4
17.Nxc4 Bxc4 18.Qc2 Bd5 19.Rd1 Rac8 20.Qb1 Bxg2 21.Kxg2 e4 22.Bd4 exd3 23.Rxd3 Nxd4
24.exd4 Qd5+ 25.Kh2 Rd6 26.Ng2 Rb6 27.Qd1 Rb2 28.Ne3 Qe4 29.Kg1 Bd6 30.Re1 Qg6
31.g4  1/2-1/2

[Event "66th ch-ARM"]
[Site "Yerevan ARM"]
[Date "2006.03.18"]
[Round "3"]
[White "Minasian,Ara"]
[Black "Pashikian,A"]
[Result "0-1"]
[WhiteElo "2487"]
[BlackElo "2472"]

1.c4 e6 2.Nf3 d5 3.b3 Be7 4.Bb2 Bf6 5.Nc3 Ne7 6.Qc2 O-O 7.g4 Nbc6 8.g5 Bxc3
9.Qxc3 Nf5 10.e3 Re8 11.Bd3 e5 12.cxd5 Ncd4 13.Nxd4 exd4 14.Qc4 dxe3 15.dxe3 c6
16.Qc3 Qxg5 17.O-O-O cxd5 18.Bxf5 Bxf5 19.Rhg1 Bg4 20.h4 Qh6 21.Kb1 Rac8
22.Qd4 Re4 23.Qxd5 Bxd1 24.Qxd1 g6 25.h5 Rh4 26.Qf3 Rc6 27.Rd1 Qf8 28.hxg6 Rxg6
29.Bf6 Rhh6 30.Rd8 Rxf6 31.Rxf8+ Kxf8 32.Qxb7 Rxf2 33.Qb8+ Ke7 34.Qc7+ Kf8
35.Qb8+ Ke7 36.Qc7+ Kf8 37.Qb8+ Ke7 38.Qxa7+ Kf6 39.Qd4+ Kg5 40.Qe5+ Kh4
41.Qe4+ Kg3 42.Qe5+ Kh3 43.a4 Rg6 44.Qh5+ Kg2 45.a5 Kg1 46.b4 Rgg2 47.Qd1+ Rf1
48.Qxf1+ Kxf1 49.a6 Rg6 50.b5 Rb6  0-1

[Event "Open"]
[Site "Bad Woerishofen GER"]
[Date "2006.03.22"]
[Round "6"]
[White "Eingorn,V"]
[Black "Michalczak,T"]
[Result "1-0"]
[WhiteElo "2595"]
[BlackElo "2361"]

1.c4 e6 2.Nf3 d5 3.d4 Nf6 4.Nc3 Be7 5.Bg5 h6 6.Bh4 O-O 7.e3 b6 8.Rb1 Nbd7
9.cxd5 Nxd5 10.Bxe7 Qxe7 11.Nxd5 exd5 12.Be2 Nf6 13.b4 Bf5 14.Rb3 c5 15.bxc5 bxc5
16.dxc5 Qxc5 17.O-O Rfb8 18.Nd4 Be4 19.Qc1 Qd6 20.Qc6 Qxc6 21.Nxc6 Rb6 22.Rc1 Kf8
23.Nd4 Rd8 24.Rc7 Rd7 25.Rc8+ Ke7 26.f3 Rxb3 27.axb3 Bg6 28.Bb5 Rb7 29.Ba6 Rd7
30.b4 Rd6 31.Bb5 a6 32.Bc6 Rd8 33.Rc7+ Kf8 34.Ra7 Bd3 35.Bb7 Rd6 36.Bc6 Rd8
37.Kf2 Bc4 38.Bb7 Rd6 39.Ra8+  1-0

[Event "TCh-CZE Extraliga 2005-6"]
[Site "Czech Rep CZE"]
[Date "2006.03.25"]
[Round "10"]
[White "Talla,V"]
[Black "Sosna,J"]
[Result "0-1"]
[WhiteElo "2417"]
[BlackElo "2414"]

1.c4 e6 2.Nf3 d5 3.g3 c6 4.b3 Nd7 5.Bb2 Ngf6 6.Bg2 Bd6 7.O-O O-O 8.d4 dxc4
9.bxc4 Qe7 10.Nbd2 e5 11.e3 Re8 12.Qc2 h6 13.c5 Bc7 14.Nc4 exd4 15.exd4 Nf8
16.Ba3 Be6 17.Rab1 Reb8 18.Nfe5 Bd5 19.f3 Ne6 20.Rfd1 Nxd4 21.Rxd4 Bxe5 22.Rd3 Bc7
23.Ne3 Be6 24.f4 Rd8 25.Rxb7 Rxd3 26.Qxd3 Rd8 27.Qc3 Nd5 28.Nxd5 Bxd5 29.Bxd5 Rxd5
30.Rb1 Qe2 31.Re1 Rd1 32.Rxd1 Qxd1+ 33.Kg2 Qe2+ 34.Kh3 Qf1+ 35.Kg4 Qe2+ 36.Kh3 Qf1+
37.Kg4 h5+ 38.Kf5 Qe2 39.Qb3 Bd8  0-1

[Event "ch-CUB KO 5th-6th"]
[Site "Santa Clara CUB"]
[Date "2006.04.11"]
[Round "3.2"]
[White "Nogueiras,J"]
[Black "Pozo Vera,S"]
[Result "1-0"]
[WhiteElo "2556"]
[BlackElo "2457"]

1.c4 e6 2.Nf3 d5 3.d4 c5 4.cxd5 exd5 5.g3 Nc6 6.Bg2 Nf6 7.O-O Be7 8.Nc3 O-O
9.dxc5 Bxc5 10.Na4 Be7 11.Be3 Bg4 12.Rc1 Re8 13.Nc5 Bxc5 14.Bxc5 Qd7 15.Re1 Bh3
16.Bh1 Ne4 17.Be3 Rad8 18.Nd4 Ne5 19.Bf4 Qe7 20.Bxe5 Qxe5 21.e3 Rd6 22.Rc2 Rg6
23.Qe2 a6 24.Rec1 h5 25.Bxe4 Qxe4 26.Qf3 Qe5 27.Rc5 Rd8 28.Qf4 Qxf4 29.exf4 Rb6
30.b3 g6 31.f3 Rbd6 32.b4 Kf8 33.a3 Bf5 34.R1c3 Ke7 35.Kf2 Kf6 36.Rc7 R8d7
37.Ke3 Rxc7 38.Rxc7 Rd7 39.Rc5 Be6 40.a4 Ke7 41.a5 Kd6 42.Rc3 Re7 43.Kd2 Bd7
44.Re3 Be6 45.Rc3 Bd7 46.Rc1 Re8 47.Rc5 Rb8 48.h4 Re8 49.Rc3 f6 50.Nb3 Rg8
51.Nc5 Bc8 52.Re3 g5 53.fxg5 fxg5 54.hxg5 Rxg5 55.f4 Rg8 56.Re5 Rxg3 57.Rxh5 Rf3
58.Rh6+ Kc7 59.Rf6 d4 60.Nd3 Bh3 61.Rf7+ Kc8 62.Nc5 Rc3 63.Ne4 Rc6 64.Kd3 Bf1+
65.Kxd4 Rc4+ 66.Kd5 Rxb4 67.Nd6+ Kb8 68.f5 Bg2+ 69.Ke6 Bc6 70.Rf8+  1-0

[Event "Foxwoods Open"]
[Site "Ledyards USA"]
[Date "2006.04.12"]
[Round "1"]
[White "Zlotnikov,M"]
[Black "Miller,S"]
[Result "1-0"]
[WhiteElo "2364"]
[BlackElo "2052"]

1.c4 e6 2.Nf3 d5 3.b3 Nf6 4.Bb2 Be7 5.g3 c5 6.Bg2 Nc6 7.cxd5 exd5 8.O-O O-O
9.d4 Be6 10.dxc5 Bxc5 11.Nc3 Qe7 12.Nb5 Rad8 13.Rc1 Ne4 14.Nbd4 Nxd4 15.Nxd4 Bb4
16.Qd3 Nf6 17.Rc2 Rc8 18.Rfc1 Rxc2 19.Rxc2 Rd8 20.Nf5 Qd7 21.Nxg7 Kxg7 22.Bxf6+ Kxf6
23.Qd4+  1-0

[Event "43rd ch-IND"]
[Site "Visakhapatnam IND"]
[Date "2006.04.14"]
[Round "16"]
[White "Arun Prasad,S"]
[Black "Sharma,Di"]
[Result "1/2-1/2"]
[WhiteElo "2384"]
[BlackElo "2370"]

1.c4 e6 2.Nf3 d5 3.g3 Nf6 4.Bg2 Be7 5.O-O O-O 6.d4 dxc4 7.Qc2 a6 8.a4 Bd7
9.Qxc4 Bc6 10.Bg5 a5 11.Nc3 Na6 12.Rac1 Nb4 13.Rfe1 b6 14.Red1 Rc8 15.Ne5 Bxg2
16.Kxg2 c6 17.Na2 Nxa2 18.Qxa2 Qd6 19.Qb3 c5 20.Bf4 Nd5 21.dxc5 Rxc5 22.Nd3 Nxf4+
23.gxf4 Rxc1 24.Rxc1 Bf6 25.Qb5 Rb8 26.Kg1 g6 27.Rc6 Qd8 28.Qc4 Qd4 29.Rc8+ Rxc8
30.Qxc8+ Kg7 31.Qc6 h6 32.Kg2 g5 33.fxg5 hxg5 34.b3 Be7 35.Qc4 Qxc4 36.bxc4 Bd6  1/2-1/2

[Event "44th Doeberl Cup"]
[Site "Canberra AUS"]
[Date "2006.04.15"]
[Round "3"]
[White "Hu,J"]
[Black "Zhao Zong Yuan"]
[Result "0-1"]
[WhiteElo "2073"]
[BlackElo "2452"]

1.c4 e6 2.Nf3 d5 3.g3 Nf6 4.Bg2 Be7 5.O-O O-O 6.Qc2 c5 7.d3 Nc6 8.e4 b6 9.Nc3 Bb7
10.Re1 Nd4 11.Nxd4 cxd4 12.Nb5 dxe4 13.dxe4 e5 14.Qd3 Nd7 15.Bd2 Nc5 16.Qe2 a6
17.Na3 Na4 18.b4 a5 19.Rab1 axb4 20.Bxb4 Bxb4 21.Rxb4 Qe7 22.Qd2 Nc3 23.Qb2 f5
24.Nb1 Rxa2 25.Qb3 Re2 26.Rf1 Nxb1 27.Rxb6 Bxe4 28.Bxe4 fxe4 29.Qxb1 Qf7
30.Qb4 d3 31.Rb7 Qf6 32.Rb6 Qf5 33.Rb8 h6 34.c5 Kh7 35.Rxf8 Qxf8 36.Qc4 Qf3
37.c6 e3 38.h4 Rxf2 39.Qxd3+ e4  0-1

[Event "XXIX Open"]
[Site "Donostia San Sebastian ESP"]
[Date "2006.04.15"]
[Round "9"]
[White "Gomez Esteban,J"]
[Black "Olaizola Ortega,L"]
[Result "1-0"]
[WhiteElo "2495"]
[BlackElo "2208"]

1.c4 e6 2.Nf3 d5 3.d4 c6 4.Qc2 Nf6 5.Nbd2 Nbd7 6.a3 Bd6 7.e4 e5 8.exd5 cxd5
9.c5 Bc7 10.dxe5 Nxe5 11.Nxe5 Bxe5 12.Nf3 Bc7 13.Bb5+ Bd7 14.Bxd7+ Qxd7 15.O-O O-O
16.Rd1 h6 17.Be3 Rfe8 18.h3 Qe6 19.b4 Qe4 20.Rac1 Rad8 21.c6 b6 22.b5 Nh5
23.Rd4 Qe6 24.a4 Ng3 25.Re1 Nf5 26.Rdd1 Qf6 27.Bc1 Rxe1+ 28.Rxe1 Nh4 29.Nxh4 Qxh4
30.Ba3 Qf6 31.g3 Bd6 32.Bxd6 Qxd6 33.Qe2 Kf8 34.Qe5 Qc5 35.Qc7  1-0

[Event "10th Neckar Open A"]
[Site "Deizisau GER"]
[Date "2006.04.16"]
[Round "7"]
[White "Balinov,I"]
[Black "Berelovich,A"]
[Result "1/2-1/2"]
[WhiteElo "2458"]
[BlackElo "2571"]

1.c4 e6 2.Nf3 d5 3.d4 c5 4.cxd5 exd5 5.Nc3 Nc6 6.g3 Nf6 7.Bg2 Be7 8.O-O O-O
9.Bg5 cxd4 10.Nxd4 h6 11.Be3 Bg4 12.h3 Be6 13.Qa4 Na5 14.Nxe6 fxe6 15.Rad1 a6
16.Qc2 Qe8 17.Bc1 Qc6 18.Qg6 Qe8 19.Qxe8 Rfxe8 20.e4 dxe4 21.Nxe4 Nd5 22.Rfe1 Rac8
23.Re2 Nc6 24.h4 Kf7 25.Bh3 Nd4 26.Rxd4 Rxc1+ 27.Kg2 Rc6 28.Bxe6+ Rxe6 29.Rxd5 Bxh4
30.gxh4 Rxe4 31.Rxe4 Rxe4 32.Rd7+ Re7 33.Rd6 Re6  1/2-1/2

[Event "8th Dubai Open"]
[Site "Dubai UAE"]
[Date "2006.04.29"]
[Round "7"]
[White "Amanov,M"]
[Black "Al Sulaiti,G"]
[Result "1-0"]
[WhiteElo "2305"]
[BlackElo "2135"]

1.c4 e6 2.Nf3 d5 3.g3 c6 4.b3 Nd7 5.Bg2 Ngf6 6.O-O Bd6 7.Bb2 b6 8.d3 Qe7
9.Nc3 O-O 10.cxd5 exd5 11.Nd4 Ne5 12.e4 Ba6 13.exd5 Nxd3 14.Nxc6 Qd7 15.Bc1 Nxc1
16.Rxc1 Bxf1 17.Qxf1 a6 18.Bh3 Qb7 19.Qc4 Rfe8 20.Bf5 Be5 21.Nd1 g6 22.Bh3 Ne4
23.Qxe4 Bb2 24.Qc2 Bxc1 25.Qxc1 Re1+ 26.Kg2 Rd8 27.Qg5 Rd6 28.Ne3 Rxc6 29.dxc6 Qxc6+
30.Qd5 Qxd5+ 31.Nxd5 Ra1 32.Nxb6 Rxa2 33.Bd7 Rd2 34.Ba4 f5 35.Kf3 Kf7 36.Ke3 Rd6
37.Nc4 Rd8 38.Bc6 Ke6 39.Bb7 Rb8 40.Na5 Kd6 41.Bxa6 Ra8 42.Nc4+ Kc5 43.Bb7 Rb8
44.Na5 Kb5 45.b4 Re8+ 46.Kf4 Kxb4 47.Nc6+ Kc5 48.Ne5 Kd6 49.Nc4+ Ke6 50.Kg5 Rb8
51.Bf3 Rb4 52.Ne3 Rb2 53.Nd1 Rd2 54.Kh6 Rd3 55.Be2 Rd2 56.Bf3 Rd3 57.Ne3 Rd2
58.Nd1 Rd3 59.Kxh7 Rxf3 60.Kxg6 f4 61.gxf4 Rxf4 62.Kg5 Ke5 63.h4 Rf8 64.Ne3 Rxf2
65.Ng4+  1-0

[Event "IV Regina Helena Marques Prol"]
[Site "Santos BRA"]
[Date "2006.05.06"]
[Round "10"]
[White "Sega,C"]
[Black "Santos,MVM"]
[Result "1/2-1/2"]
[WhiteElo "2286"]
[BlackElo "2369"]

1.c4 e6 2.Nf3 d5 3.g3 c5 4.Bg2 Nc6 5.O-O Nf6 6.d4 Be7 7.cxd5 exd5 8.dxc5 Bxc5
9.Nbd2 O-O 10.Nb3 Bb6 11.Nbd4 Re8 12.Bg5 h6 13.Bxf6 Qxf6 14.e3 Be6 15.Rc1 Ne5
16.Nxe6 fxe6 17.Nd4 Rad8 18.b3 Nf7 19.Nb5 Re7 20.Nc3 a6 21.Na4 Ba7 22.Nc5 Kh8
23.Kh1 Nd6 24.Qd4 Qf7 25.f4 Nf5 26.Qd3 Rc7 27.Nxe6 Rxc1 28.Nxd8 Rxf1+ 29.Bxf1 Qd7
30.Nxb7 Nxe3 31.Qxa6 Nxf1 32.Qxa7 Qc6 33.Kg1 Nd2 34.Nc5 d4 35.Qa5 Nf3+ 36.Kf2 Nxh2
37.Qd8+ Kh7 38.Qxd4 Qf3+ 39.Kg1 Qxg3+ 40.Kh1 Nf3 41.Qe4+ Kh8  1/2-1/2

[Event "Masters"]
[Site "Las Vegas USA"]
[Date "2006.06.13"]
[Round "7"]
[White "Puri,V"]
[Black "Stoyko,S"]
[Result "1/2-1/2"]
[WhiteElo "2246"]
[BlackElo "2293"]

1.c4 e6 2.Nf3 d5 3.d4 Nf6 4.Nc3 Be7 5.Bg5 O-O 6.e3 h6 7.Bh4 Ne4 8.Bxe7 Qxe7
9.Bd3 Nxc3 10.bxc3 dxc4 11.Bxc4 c5 12.O-O Nc6 13.Bb5 Bd7 14.Qe2 Rac8 15.e4 cxd4
16.cxd4 a6 17.Bxc6 Bxc6 18.Rfc1 Qa3 19.h3 Bb5 20.Qe3 Rxc1+ 21.Rxc1 Qxa2 22.Rc7 Bc6
23.Ne5 Qa1+ 24.Kh2 Qa5 25.Re7 Qd8 26.Nxc6 Qd6+ 27.Qg3 Qxc6 28.Qf4 b5 29.Rc7 Qa8
30.Qe5 Qb8 31.d5 exd5 32.exd5 b4 33.d6 b3 34.Rc1 Rd8 35.Rd1 a5 36.Qxa5 Rxd6
37.Qe5 Rb6 38.Qxb8+ Rxb8 39.Kg3 b2 40.Rb1 Rb3+ 41.Kf4 g5+ 42.Ke4 Kg7 43.Kd4 f5
44.Kc4 Rb6 45.Kc3 g4 46.hxg4 fxg4 47.Rxb2 Rxb2 48.Kxb2  1/2-1/2

[Event "20th Open"]
[Site "Pula CRO"]
[Date "2006.06.23"]
[Round "7"]
[White "Stocek,J"]
[Black "Bhat,V"]
[Result "1-0"]
[WhiteElo "2565"]
[BlackElo "2409"]

1.c4 e6 2.Nf3 d5 3.d4 c6 4.Qc2 Nf6 5.Bg5 h6 6.Bh4 dxc4 7.Qxc4 b5 8.Qd3 Bb7
9.e4 Nbd7 10.Nc3 Qa5 11.Be2 b4 12.Nb1 c5 13.Nbd2 cxd4 14.O-O Bc5 15.Bxf6 gxf6
16.Rac1 Rc8 17.Nb3 Qb6 18.Nfxd4 Ke7 19.Qe3 Bd6 20.Rxc8 Rxc8 21.Qxh6 a5 22.Qe3 a4
23.Nd2 Bc5 24.Nc4 Qa7 25.Rd1 Ke8 26.Qd2 Ba6 27.b3 axb3 28.axb3 Ke7 29.Nd6 Rc7
30.N6b5 Bxb5 31.Nxb5 Qb6 32.Nxc7 Qxc7 33.g3 Nf8 34.Kg2 e5 35.Bg4  1-0

[Event "34th World Open"]
[Site "Philadelphia USA"]
[Date "2006.06.30"]
[Round "3"]
[White "Stripunsky,A"]
[Black "Smith,Bry"]
[Result "1-0"]
[WhiteElo "2569"]
[BlackElo "2384"]

1.c4 e6 2.Nf3 d5 3.e3 Nf6 4.b3 Be7 5.Bb2 c5 6.cxd5 exd5 7.Bb5+ Nc6 8.O-O O-O
9.d4 Bg4 10.dxc5 Bxc5 11.Bxc6 bxc6 12.Nbd2 Bd6 13.Qc2 Rc8 14.Ng5 Qd7 15.Bxf6 Bf5
16.e4 gxf6 17.Nxf7 Bxe4 18.Nxe4 Rxf7 19.Nxd6 Qxd6 20.Rac1 Re7 21.g3 c5 22.Rfd1 Re5
23.Qc3 Qe6 24.Qa5 Qb6 25.Qa4 Rc7 26.Qg4+ Rg5 27.Qf3 Qe6 28.Rd4 Kg7 29.Kg2 Re5
30.Rg4+ Rg5 31.Qf4 Qe7 32.Re1 Qxe1 33.Qxc7+ Kg6 34.Rh4 Rh5 35.Rxh5 Qe4+ 36.f3 Qc2+
37.Kh3 Kxh5 38.Qg7 Qg6 39.Qxa7 Kh6 40.Qxc5 Qf5+ 41.Kg2 Qd3 42.Qc1+ Kg6 43.Kf2 h5
44.Qb2 d4 45.Qc1 Kg7 46.b4 Kg6 47.a4 Qb3 48.Qd2 Qxa4 49.Qxd4 Qc2+ 50.Kg1 Qb1+
51.Kg2 Qc2+ 52.Qf2 Qb3 53.Qe2 Kg7 54.b5 Kg6 55.Qe8+ Kh6 56.Qc6 Kg7 57.b6 Kg6
58.b7 Qa2+ 59.Kh3  1-0

[Event "White Nights Open"]
[Site "St Petersburg RUS"]
[Date "2006.06.30"]
[Round "8"]
[White "Vunder,Y"]
[Black "Rodkin,F"]
[Result "0-1"]
[WhiteElo "2244"]
[BlackElo "2166"]

1.c4 e6 2.Nf3 d5 3.d4 Nf6 4.Nc3 c5 5.cxd5 cxd4 6.Qxd4 exd5 7.e3 Be7 8.Bb5+ Nc6
9.O-O O-O 10.Qa4 Qb6 11.b3 Be6 12.Bxc6 bxc6 13.Ba3 c5 14.Qf4 Rfd8 15.Na4 Qa5
16.Rac1 Ne4 17.Ne5 Bd6 18.Nc4 dxc4 19.Qxe4 cxb3 20.Bxc5 b2 21.Rc3 Bxa2 22.Bxd6 b1=Q
23.Rxb1 Bxb1 24.Qxb1 Rxd6 25.Qc2 Rad8 26.h3 Rd2 27.Qe4 Ra2 28.Rd3 Rf8 29.Nc3 Rc2
30.Nd5 Qe1+ 31.Kh2 Qxf2 32.Ra3 Ra2 33.Rb3 Kh8 34.Nf4 h6 35.Rb7 Kg8 36.Re7 a5
37.Ra7 a4 38.Nd5 a3 39.Nc3 Ra1 40.Nd5 a2 41.Nb4 Qb2 42.Qc4 Qe5+ 43.Qf4 Qe6
44.Qf2 Qd6+ 45.Qf4 Qe6 46.Qd4 Re1 47.Nc2 Re2 48.Kg1 Rxc2  0-1

[Event "REDA IM"]
[Site "Brno CZE"]
[Date "2006.07.02"]
[Round "3"]
[White "Pestov,S"]
[Black "Tuma,J"]
[Result "1/2-1/2"]
[WhiteElo "2374"]
[BlackElo "2292"]

1.c4 e6 2.Nf3 d5 3.g3 c6 4.Qc2 Nf6 5.d4 Bd6 6.Nbd2 Nbd7 7.Bg2 Qe7 8.O-O O-O
9.e4 Nxe4 10.Nxe4 dxe4 11.Qxe4 e5 12.Re1 f5 13.Qc2 e4 14.Ng5 Nf6 15.Nh3 h6
16.f3 Qf7 17.fxe4 fxe4 18.Bf4 Bxf4 19.Nxf4 Bf5 20.Rad1 Rad8 21.d5 cxd5 22.cxd5 Nxd5
23.Bxe4 Nxf4 24.Rxd8 Nh3+ 25.Kg2 Bxe4+ 26.Qxe4 Rxd8 27.Kxh3 Qh5+ 28.Qh4 Qf5+
29.Qg4 Qxg4+ 30.Kxg4 Rd2 31.Re7 Rxb2 32.h4 a5 33.h5 b5 34.Re5 a4 35.Rf5 a3
36.Kh3 b4 37.Rf4 Rb1 38.Rf2 b3 39.axb3 Rxb3 40.Rf5 Rc3 41.Ra5 Kf7 42.Ra6 Ke7
43.Rg6 a2 44.Rxg7+ Kd6 45.Ra7 Rc2 46.g4 Ke5 47.Ra4 Kd5 48.g5 Rc3+ 49.Kg2 Rc2+
50.Kg3 Rc3+ 51.Kg2 Rc2+ 52.Kg3  1/2-1/2

[Event "35th TCh-GRE"]
[Site "Ermioni GRE"]
[Date "2006.07.05"]
[Round "3"]
[White "Kourkounakis,I"]
[Black "Mastrovasilis,D"]
[Result "0-1"]
[WhiteElo "2379"]
[BlackElo "2567"]

1.c4 e6 2.Nf3 d5 3.d4 Nf6 4.e3 c5 5.Nc3 Nc6 6.Bd3 dxc4 7.Bxc4 a6 8.a4 cxd4
9.exd4 Be7 10.O-O O-O 11.Bg5 Bd7 12.Qe2 Nb4 13.Ne5 Bc6 14.Rad1 Nfd5 15.Bc1 Rc8
16.Bb3 Qa5 17.Qg4 Bf6 18.Ne4 Qd8 19.Rfe1 Kh8 20.Ng5 Be8 21.f4 h6 22.Ngf3 Nc2
23.Re2 Na1 24.Ba2 Bxa4 25.Rde1 Nc2 26.f5 Nxe1 27.Rxe1 exf5 28.Qxf5 Bc2 29.Qh5 Bxe5
30.Nxe5 Qa5 31.Rf1 Qxa2 32.Bxh6 gxh6 33.Qxh6+ Bh7 34.Ng6+ Kg8  0-1

[Event "3rd ACT"]
[Site "Amsterdam NED"]
[Date "2006.07.16"]
[Round "2"]
[White "Tukmakov,V"]
[Black "Szymczak,Z"]
[Result "1/2-1/2"]
[WhiteElo "2560"]
[BlackElo "2288"]

1.c4 e6 2.Nf3 d5 3.d4 dxc4 4.Qa4+ Nd7 5.e4 Nf6 6.Nc3 Be7 7.Bxc4 O-O 8.O-O Nb6
9.Qb3 Nxc4 10.Qxc4 a6 11.e5 Nd5 12.Bd2 b6 13.Nxd5 exd5 14.Qc6 Bg4 15.Rfc1 Rc8
16.Ne1 Qd7 17.Qb7 Be2 18.b3 Ba3 19.Rc2 Bb5 20.Bc1 Bb4 21.Bb2 c5 22.Qxd7 Bxd7
23.Nd3 Bf5 24.Nxb4 cxb4 25.Rcc1 Rxc1+ 26.Rxc1 Rc8  1/2-1/2